[Event "Liape B-008 email"]
[Site "Liape email"]
[Date "2002.01.07"]
[Round "7"]
[White "Zajic, Eduardo"]
[Black "Bianchi, Maurizio"]
[Result "0-1"]
[WhiteElo "1600"]
[BlackElo "1732"]
[PlyCount "32"]
[EventDate "2002.01.01"]
[EventType "tourn (corr)"]
[EventRounds "6"]
[EventCountry "ARG"]
[SourceTitle "Corr 2006"]
[Source "ChessBase"]
[SourceDate "2006.04.01"]
[SourceVersion "3"]
[SourceVersionDate "2006.04.01"]
[SourceQuality "1"]

1. e4 c5 2. Nf3 Nc6 3. Nc3 e6 4. Bb5 Nd4 5. 0-0 a6 6. Bd3 Ne7 7. Nxd4 cxd4 8. Ne2 Nc6 9. c3 Bc5 10. Qc2 Ba7 11. cxd4 Nxd4 12. Qc3 Qf6 13. Nxd4 Bxd4 14. Qb4 b6 15. Be2 a5 16. Qd6 Be5 0-1

[Event "Liape B-008 email"]
[Site "Liape email"]
[Date "2002.01.05"]
[Round "5"]
[White "Skonieczna, Barbara"]
[Black "Zajic, Eduardo"]
[Result "1-0"]
[WhiteElo "1600"]
[BlackElo "1600"]
[PlyCount "51"]
[EventDate "2002.01.01"]
[EventType "tourn (corr)"]
[EventRounds "6"]
[EventCountry "ARG"]
[SourceTitle "Corr 2006"]
[Source "ChessBase"]
[SourceDate "2006.04.01"]
[SourceVersion "3"]
[SourceVersionDate "2006.04.01"]
[SourceQuality "1"]

1. e4 c5 2. c3 d5 3. exd5 Qxd5 4. d4 cxd4 5. Nf3 Nc6 6. Na3 Bg4 7. Be2 Bxf3 8. Bxf3 Qe5+ 9. Kf1 dxc3 10. Qb3 0-0-0 11. Nb5 Rd7 12. Be3 cxb2 13. Rb1 Qe6 14. Bxc6 bxc6 15. Nxa7+ Rxa7 16. Qxe6+ fxe6 17. Bxa7 g6 18. Rxb2 Bg7 19. Rb6 Kc7 20. Ke2 Bd4 21. Ra6 e5 22. Bxd4 exd4 23. Ra8 Kd6 24. a4 e5 25. a5 Kc7 26. a6 1-0